[Event "II Torneo A Natale Vomero"]
[Site "Napoli ITA"]
[Date "2005.11.03"]
[Round "1"]
[White "Schiappoli, Dario"]
[Black "Fammiano, Giacomo"]
[Result "1-0"]
[WhiteElo "1965"]
[BlackElo "1641"]
[PlyCount "61"]
[EventDate "2005.11.03"]

1. e4 e5 2. f4 d6 3. Bc4 exf4 4. Nf3 Be6 5. Qe2 c6 6. O-O Be7 7. d4 g5 8. Bxe6
fxe6 9. Nxg5 Bxg5 10. Qh5+ Kd7 11. h4 Bh6 12. e5 Qf8 13. Nc3 Ne7 14. Ne4 Nf5
15. g4 Nxd4 16. g5 Bg7 17. Bxf4 Qe8 18. Qd1 dxe5 19. Be3 Kc7 20. c3 Nf5 21. Bc5
b6 22. Bd6+ Kb7 23. Qb3 Na6 24. a4 Rd8 25. a5 Nxd6 26. axb6 axb6 27. Rxa6 Kxa6
28. Nc5+ Ka7 29. Ra1+ Kb8 30. Qxb6+ Kc8 31. Ra8# 1-0

[Event "II Torneo A Natale Vomero"]
[Site "Napoli ITA"]
[Date "2005.11.03"]
[Round "1"]
[White "Stromboli, Carlo"]
[Black "Esposito, Rosario"]
[Result "1-0"]
[WhiteElo "2158"]
[BlackElo "1688"]
[PlyCount "109"]
[EventDate "2005.11.03"]

1. e4 c5 2. Nf3 e6 3. Nc3 Nc6 4. d4 cxd4 5. Nxd4 Qc7 6. Be3 a6 7. Be2 Nf6 8.
O-O Bb4 9. Na4 O-O 10. c4 Bd6 11. g3 Nxe4 12. Bf3 Nf6 13. Rc1 Be7 14. c5 Nb4
15. Nb6 Rb8 16. a3 Nc6 17. b4 Ne5 18. Bf4 d6 19. cxd6 Qxd6 20. Nc4 Nxf3+ 21.
Nxf3 Qxd1 22. Rfxd1 e5 23. Bxe5 Bg4 24. Bxb8 Bxf3 25. Re1 Bxb4 26. axb4 Rxb8
27. Ne5 Bd5 28. Red1 Re8 29. Nd7 Bc6 30. Nb6 Kf8 31. Nc4 Nd5 32. Nd6 Re6 33. b5
axb5 34. Nxb5 Bxb5 35. Rxd5 Bc6 36. Rdd1 Ke7 37. Re1 f6 38. Rxe6+ Kxe6 39. Kf1
Bd7 40. Ke2 b5 41. Kd3 Kf7 42. Kd4 Ke6 43. Kc5 Kf7 44. Rd1 Be8 45. Kd6 Kg6 46.
Kc5 Kf7 47. Ra1 Kg6 48. Ra7 b4 49. Kxb4 Bc6 50. Kc5 Bf3 51. Kd6 h5 52. Ke7 Kg5
53. Kf7 g6 54. h4+ Kf5 55. Ra5+ 1-0

[Event "II Torneo A Natale Vomero"]
[Site "Napoli ITA"]
[Date "2005.11.10"]
[Round "2"]
[White "Benedetto, Massimo"]
[Black "Gallo, Thomas Renato"]
[Result "1-0"]
[WhiteElo "1924"]
[BlackElo "1811"]
[PlyCount "85"]
[EventDate "2005.11.03"]

1. e4 e6 2. d4 d5 3. e5 c5 4. c3 Nc6 5. Nf3 Nge7 6. a3 Bd7 7. b4 cxb4 8. cxb4
a6 9. Be2 Nf5 10. Bb2 Be7 11. Nbd2 Rc8 12. Nb3 O-O 13. O-O Na7 14. Nc5 Rc7 15.
Qd2 f6 16. Rac1 Qb8 17. exf6 Bxf6 18. Ne5 Bxe5 19. dxe5 Qc8 20. a4 Bc6 21. a5
Qe8 22. Qg5 g6 23. g4 Ng7 24. Qe3 Nb5 25. Rc2 Rcf7 26. f4 Nc7 27. Bd4 Nb5 28.
Bxb5 Bxb5 29. Rf3 Qe7 30. Nb3 Ba4 31. Bc5 Qh4 32. Bxf8 Qxg4+ 33. Rg2 Qxg2+ 34.
Kxg2 Nf5 35. Qf2 Rxf8 36. Nc5 Bc6 37. Nxe6 Rc8 38. Nd4 Ba4 39. Nxf5 gxf5 40.
Rg3+ Kh8 41. Qd4 Rc4 42. Qb6 Rc2+ 43. Kh3 1-0

[Event "II Torneo A Natale Vomero"]
[Site "Napoli ITA"]
[Date "2005.11.10"]
[Round "2"]
[White "Della Corte, Alessandro"]
[Black "Primicino, Corrado"]
[Result "1-0"]
[WhiteElo "2189"]
[BlackElo "1760"]
[PlyCount "77"]
[EventDate "2005.11.03"]

1. e4 e6 2. d4 d5 3. e5 c5 4. c3 Nc6 5. Nf3 Bd7 6. Be2 Nge7 7. Na3 Ng6 8. Nc2
Be7 9. O-O O-O 10. b4 cxb4 11. cxb4 Nxb4 12. Nxb4 Bxb4 13. Rb1 Be7 14. Rxb7 Bc6
15. Rb1 Qa5 16. Bd2 Qxa2 17. Bc3 Rfb8 18. Ra1 Qb3 19. Qd2 Qb7 20. g3 Bb5 21.
Rfb1 Qd7 22. Bd1 a6 23. h4 f5 24. exf6 Bxf6 25. Bc2 Qf7 26. Rc1 Rb6 27. h5 Nf8
28. Kg2 Qxh5 29. Rh1 Qf7 30. Qf4 Rc6 31. Bxh7+ Nxh7 32. Rxh7 Kxh7 33. Ng5+ Kg8
34. Nxf7 Kxf7 35. Bb4 Bd3 36. Rc1 Rac8 37. Rxc6 Rxc6 38. g4 g5 39. Qb8 1-0

[Event "II Torneo A Natale Vomero"]
[Site "Napoli ITA"]
[Date "2005.11.10"]
[Round "2"]
[White "Longobardi, Giuseppe"]
[Black "De Simone, Dario"]
[Result "1-0"]
[WhiteElo "1909"]
[BlackElo "1628"]
[PlyCount "31"]
[EventDate "2005.11.03"]

1. d4 d5 2. Nf3 e6 3. c4 c6 4. e3 Nf6 5. Bd3 Nbd7 6. O-O Bd6 7. Nc3 O-O 8. e4
dxc4 9. Bxc4 e5 10. Bg5 exd4 11. Nxd4 Nb6 12. Bb3 Bxh2+ 13. Kxh2 Ng4+ 14. Qxg4
Qxd4 15. Qg3 Nd7 16. Rad1 1-0

[Event "II Torneo A Natale Vomero"]
[Site "Napoli ITA"]
[Date "2005.11.10"]
[Round "2"]
[White "Radice, Mario"]
[Black "De Rosa, Mariagrazia"]
[Result "1/2-1/2"]
[WhiteElo "1721"]
[BlackElo "2084"]
[PlyCount "63"]
[EventDate "2005.11.03"]

1. e4 c5 2. Nf3 d6 3. d4 cxd4 4. Nxd4 Nf6 5. Nc3 a6 6. Be2 e6 7. O-O Be7 8. f4
Qc7 9. a4 Nc6 10. Be3 O-O 11. Kh1 Bd7 12. Nb3 b6 13. Bf3 Rad8 14. Qe1 Bc8 15.
Qg3 Rfe8 16. Qf2 Nd7 17. Rfd1 Bb7 18. Nd2 Nb4 19. Nb3 Nc5 20. a5 b5 21. e5 Nxb3
22. Bb6 Qb8 23. cxb3 Bxf3 24. Qxf3 Rc8 25. exd6 Bxd6 26. g3 Bc5 27. Bxc5 Rxc5
28. Rd7 g6 29. Rad1 Rc7 30. Ne4 Rxd7 31. Nf6+ Kg7 32. Nxd7 1/2-1/2

[Event "II Torneo A Natale Vomero"]
[Site "Napoli ITA"]
[Date "2005.11.10"]
[Round "2"]
[White "Ricci, Giuseppe"]
[Black "Gatta, Ferdinando"]
[Result "1-0"]
[WhiteElo "1820"]
[BlackElo "1528"]
[PlyCount "61"]
[EventDate "2005.11.03"]

1. e4 c6 2. d4 d5 3. Nc3 dxe4 4. Nxe4 Bf5 5. Ng3 Bg6 6. Nf3 Nd7 7. h4 h6 8. h5
Bh7 9. Bd3 Bxd3 10. Qxd3 e6 11. Bd2 Ngf6 12. O-O-O Qb6 13. Ne4 Be7 14. Nxf6+
Nxf6 15. Ne5 Rf8 16. Qg3 Ne4 17. Qxg7 Nxd2 18. Kxd2 Bg5+ 19. Ke2 Qb5+ 20. Nd3
O-O-O 21. Qe5 Rd5 22. Qe4 Kd8 23. b3 Qa6 24. Kf1 c5 25. dxc5 f5 26. Qa4 Qc6 27.
Qxa7 Kc7 28. Qb6+ Qxb6 29. cxb6+ Kxb6 30. Ke2 Kb5 31. c4+ 1-0

[Event "II Torneo A Natale Vomero"]
[Site "Napoli ITA"]
[Date "2005.11.10"]
[Round "2"]
[White "Valenzi, Marco"]
[Black "Nardiello, Luigi"]
[Result "1-0"]
[WhiteElo "1792"]
[BlackElo "1470"]
[PlyCount "65"]
[EventDate "2005.11.03"]

1. e4 c5 2. Nf3 e6 3. d4 cxd4 4. Nxd4 a6 5. Be2 Bc5 6. O-O Qc7 7. Nc3 b5 8. a3
Bb7 9. Nb3 Ba7 10. Kh1 Nc6 11. f4 Nge7 12. Bd3 h5 13. Bd2 h4 14. h3 d6 15. Qe2
Qd7 16. Rad1 g6 17. Be3 Bxe3 18. Qxe3 Qc7 19. Bxb5 axb5 20. Nxb5 Qb8 21. Nxd6+
Kf8 22. Qb6 Ba6 23. Qxb8+ Rxb8 24. Rf2 Rd8 25. Rfd2 Kg7 26. Nc5 Bc8 27. b4 e5
28. b5 Nd4 29. fxe5 Nf3 30. gxf3 Bxh3 31. b6 Nc6 32. b7 Nxe5 33. Nf5+ 1-0

[Event "II Torneo A Natale Vomero"]
[Site "Napoli ITA"]
[Date "2005.11.10"]
[Round "2"]
[White "Vannini, Claudio"]
[Black "Schiappoli, Dario"]
[Result "1-0"]
[WhiteElo "1634"]
[BlackElo "1965"]
[PlyCount "55"]
[EventDate "2005.11.03"]

1. c4 e5 2. Nc3 Nf6 3. Nf3 Nc6 4. g3 d5 5. cxd5 Nxd5 6. Bg2 Nxc3 7. bxc3 e4 8.
Ng1 Bf5 9. Qa4 Qd7 10. Bxe4 Bc5 11. Bxf5 Qxf5 12. d4 Bb6 13. Nf3 O-O-O 14. Be3
f6 15. O-O g5 16. c4 a6 17. d5 Ne5 18. Nxe5 Bxe3 19. fxe3 Qxe5 20. Qb3 h5 21.
Rab1 b6 22. Qd3 h4 23. Qf5+ Rd7 24. Qxe5 fxe5 25. g4 Rhh7 26. e4 Rdf7 27. Rf5
Kd7 28. Rbf1 1-0

[Event "II Torneo A Natale Vomero"]
[Site "Napoli ITA"]
[Date "2005.11.17"]
[Round "3"]
[White "Mazzei, Pietro"]
[Black "Della Ragione, Achille"]
[Result "1/2-1/2"]
[WhiteElo "1492"]
[BlackElo "2096"]
[PlyCount "99"]
[EventDate "2005.11.03"]

1. d4 d5 2. c4 Bf5 3. cxd5 Bxb1 4. Qa4+ c6 5. dxc6 Nxc6 6. Rxb1 e5 7. Nf3 exd4
8. a3 Bc5 9. b4 Bb6 10. g3 Nge7 11. Bg2 O-O 12. O-O Re8 13. Rd1 Nd5 14. Bb2
Rxe2 15. b5 Rxb2 16. Rxb2 Nc3 17. Qb3 Nxd1 18. Qxd1 Na5 19. Ne5 Qc7 20. Nd3 Qc3
21. Ra2 Re8 22. a4 g6 23. h3 Re7 24. Kh2 Qb3 25. Qxb3 Nxb3 26. Rc2 Na5 27. h4
Kg7 28. Kg1 Rc7 29. Rxc7 Bxc7 30. Bf3 b6 31. Bd1 Nb7 32. Kg2 Kf6 33. Kf3 Ke7
34. Ke4 Nc5+ 35. Kxd4 f5 36. Nxc5 bxc5+ 37. Kxc5 Bb6+ 38. Kc6 Bxf2 39. h5 Kd8
40. b6 Kc8 41. g4 f4 42. a5 axb6 43. axb6 Kd8 44. b7 Ba7 45. Bf3 Bb8 46. Be4
gxh5 47. gxh5 h6 48. Kd5 Ke7 49. Bf3 Kf6 50. Ke4 1/2-1/2

[Event "II Torneo A Natale Vomero"]
[Site "Napoli ITA"]
[Date "2005.11.17"]
[Round "3"]
[White "Schiappoli, Dario"]
[Black "Radice, Mario"]
[Result "0-1"]
[WhiteElo "1965"]
[BlackElo "1721"]
[PlyCount "62"]
[EventDate "2005.11.03"]

1. e4 c5 2. Nf3 e6 3. d4 cxd4 4. Nxd4 Nf6 5. Bd3 Nc6 6. Be3 d5 7. Nxc6 bxc6 8.
e5 Nd7 9. f4 Bc5 10. Qe2 Qb6 11. Kf2 Qxb2 12. Nd2 Bxe3+ 13. Kxe3 Qb6+ 14. Kf3
O-O 15. Rab1 Qc7 16. Kg3 Nc5 17. Nf3 Nxd3 18. Qxd3 f5 19. h4 c5 20. Qe2 Bd7 21.
Ng5 Rab8 22. Rbd1 Qa5 23. Qh5 h6 24. Qg6 hxg5 25. hxg5 Qc3+ 26. Rd3 Qxc2 27.
Rf3 Rb2 28. Rh2 Qe2 29. Qh7+ Kf7 30. g6+ Ke8 31. Kh4 Qxf3 0-1

[Event "II Torneo A Natale Vomero"]
[Site "Napoli ITA"]
[Date "2005.11.17"]
[Round "3"]
[White "Stromboli, Carlo"]
[Black "Della Corte, Alessandro"]
[Result "1-0"]
[WhiteElo "2158"]
[BlackElo "2189"]
[PlyCount "67"]
[EventDate "2005.11.03"]

1. e4 e5 2. Nf3 Nf6 3. Nxe5 d6 4. Nf3 Nxe4 5. Nc3 Nxc3 6. dxc3 Be7 7. Be3 Nc6
8. Be2 Ne5 9. h3 Bd7 10. Nxe5 dxe5 11. Qd5 Bd6 12. Bb5 O-O 13. O-O-O Be6 14.
Qxb7 Bxa2 15. c4 a6 16. Bxa6 Qe7 17. Qc6 Ba3 18. Rd3 Bxb2+ 19. Kxb2 e4 20. Bc5
Qe5+ 21. Bd4 Qa5 22. Ra3 Qd2 23. Bc3 Rab8+ 24. Bb5 Qxf2 25. Qxe4 Rfe8 26. Qg4
f6 27. Bd4 Qd2 28. Rd1 Qb4+ 29. Kxa2 c6 30. Bxf6 g6 31. Qd7 Qf8 32. Ra7 Qxf6
33. Qxh7+ Kf8 34. Rf1 1-0

[Event "II Torneo A Natale Vomero"]
[Site "Napoli ITA"]
[Date "2005.11.17"]
[Round "3"]
[White "Vannini, Claudio"]
[Black "Ricci, Giuseppe"]
[Result "0-1"]
[WhiteElo "1634"]
[BlackElo "1820"]
[PlyCount "102"]
[EventDate "2005.11.03"]

1. c4 c5 2. Nf3 Nc6 3. Nc3 g6 4. g3 Bg7 5. Bg2 e6 6. d4 cxd4 7. Nb5 d5 8. cxd5
Qa5+ 9. Qd2 Qxb5 10. dxc6 Qxc6 11. O-O Qb6 12. Qf4 Ne7 13. Ne5 O-O 14. b3 Bxe5
15. Qxe5 f6 16. Qe4 e5 17. Ba3 Rf7 18. Rfc1 Nc6 19. Qc2 Bf5 20. Qc5 Qxc5 21.
Rxc5 Rc7 22. Rac1 Rac8 23. b4 a6 24. Bb2 Bd7 25. a4 b6 26. R5c2 b5 27. axb5
axb5 28. Rc5 f5 29. Bxc6 Rxc6 30. Kf1 Kf7 31. Ke1 Ke6 32. Kd2 Rxc5 33. Rxc5
Rxc5 34. bxc5 Kd5 35. Kc2 Kxc5 36. Bc1 b4 37. f4 exf4 38. Bxf4 Kc4 39. Kb2 Ba4
40. Bd2 Bd1 41. e3 Kd3 42. Kc1 dxe3 43. Bxb4 Ba4 44. Bc5 g5 45. Be7 e2 46. Bb4
f4 47. Be1 f3 48. Bf2 e1=Q+ 49. Bxe1 Ke2 50. Bd2 f2 51. Bxg5 f1=Q+ 0-1

[Event "II Torneo A Natale Vomero"]
[Site "Napoli ITA"]
[Date "2005.11.24"]
[Round "4"]
[White "Benedetto, Massimo"]
[Black "Cosenza, Gianni"]
[Result "1-0"]
[WhiteElo "1924"]
[BlackElo "2041"]
[PlyCount "87"]
[EventDate "2005.11.03"]

1. e4 e6 2. d3 d5 3. Nd2 c5 4. g3 Nc6 5. Bg2 Nf6 6. Ngf3 Be7 7. O-O O-O 8. Re1
Qc7 9. e5 Nd7 10. Qe2 b5 11. Nf1 a5 12. h4 Ba6 13. Bf4 c4 14. d4 b4 15. c3 Rfb8
16. Ne3 Nb6 17. Bh3 Qd7 18. Qc2 Nd8 19. Ng5 Bxg5 20. Bxg5 Na4 21. Rab1 Bb7 22.
Qd2 Bc6 23. Ng4 Qa7 24. Bf6 bxc3 25. Qg5 Kf8 26. Bxg7+ Ke8 27. Nf6+ Ke7 28.
bxc3 Rxb1 29. Rxb1 Nxc3 30. Nxd5+ Kd7 31. Qe7+ Kc8 32. Qxa7 Ne2+ 33. Kf1 Nxg3+
34. fxg3 Rxa7 35. Nb6+ Kc7 36. Nxc4 Bd5 37. Rc1 Nc6 38. Bf8 Kd8 39. Bc5 Rb7 40.
Bg2 Ne7 41. Nxa5 Bxg2+ 42. Kxg2 Rb2+ 43. Kh3 Rxa2 44. Bb6+ 1-0

[Event "II Torneo A Natale Vomero"]
[Site "Napoli ITA"]
[Date "2005.11.24"]
[Round "4"]
[White "Della Corte, Alessandro"]
[Black "Vannini, Claudio"]
[Result "0-1"]
[WhiteElo "2189"]
[BlackElo "1634"]
[PlyCount "132"]
[EventDate "2005.11.03"]

1. d4 d6 2. e4 Nf6 3. Nc3 c6 4. f4 Qa5 5. Bd3 e5 6. dxe5 dxe5 7. f5 Be7 8. Qf3
Nbd7 9. g4 h6 10. h4 Nc5 11. g5 Nxd3+ 12. cxd3 Nd7 13. f6 gxf6 14. gxh6 Nf8 15.
Nge2 Bd7 16. Bd2 Qc7 17. Ng3 O-O-O 18. O-O-O Be6 19. Nf5 Bxf5 20. Qxf5+ Qd7 21.
Be3 Qxf5 22. exf5 Nd7 23. Rhg1 Bc5 24. d4 exd4 25. Bxd4 Rxh6 26. Ne4 Bxd4 27.
Rxd4 Ne5 28. Nd6+ Kc7 29. Rgd1 Rhh8 30. Kc2 Rd7 31. Kc3 Rhd8 32. Ne4 Rxd4 33.
Rxd4 Rxd4 34. Kxd4 Nf3+ 35. Ke3 Nxh4 36. Kf4 Ng2+ 37. Kf3 Ne1+ 38. Kg4 Nd3 39.
Nxf6 Nxb2 40. Kg5 Kd8 41. Kh6 Nc4 42. Ne4 Ne3 43. f6 Nd5 44. Kg7 Nxf6 45. Kxf6
Kc7 46. Kxf7 b5 47. Ke6 a5 48. Nc5 Kb6 49. Kd6 b4 50. Nd3 Kb5 51. Nb2 a4 52.
Ke5 a3 53. Nd3 Kc4 54. Nc1 Kc3 55. Ke4 Kb2 56. Nd3+ Kxa2 57. Nxb4+ Kb3 58. Nd3
Kc3 59. Ne1 Kb2 60. Nd3+ Kb1 61. Nb4 c5 62. Nd5 Kb2 63. Nb6 Kb3 64. Nd7 c4 65.
Nc5+ Kc2 66. Ke3 a2 0-1

[Event "II Torneo A Natale Vomero"]
[Site "Napoli ITA"]
[Date "2005.11.24"]
[Round "4"]
[White "Longobardi, Giuseppe"]
[Black "De Rosa, Mariagrazia"]
[Result "0-1"]
[WhiteElo "1909"]
[BlackElo "2084"]
[PlyCount "93"]
[EventDate "2005.11.03"]

1. d4 c5 2. c3 b6 3. Nf3 Bb7 4. g3 f5 5. Bg2 Nf6 6. O-O g6 7. dxc5 bxc5 8. Qb3
Bd5 9. c4 Bc6 10. Nc3 Na6 11. Ne5 Bxg2 12. Kxg2 Bg7 13. Rd1 Qb6 14. Qa4 Rd8 15.
Kg1 Qb7 16. Qb5 Qc8 17. Bg5 Ne4 18. Nxe4 Bxe5 19. Nc3 Nb4 20. Rd2 Kf7 21. a3
Na6 22. Rad1 d6 23. Nd5 Rd7 24. f4 Bd4+ 25. e3 Bg7 26. Bxe7 Rxe7 27. Nxe7 Kxe7
28. Rxd6 Nb8 29. b4 Bd4 30. Rd5 Bxe3+ 31. Kg2 Kf7 32. bxc5 Re8 33. Kh3 h5 34.
c6 Qxc6 35. Rd7+ Kg8 36. Qxc6 Nxc6 37. R7d6 Ne7 38. a4 Kf7 39. Re1 Bc5 40. Rd7
Rc8 41. Kh4 a5 42. Re5 Bb4 43. c5 Bxc5 44. Rb7 Bb4 45. Re2 Rc4 46. Ra7 Re4 47.
Rc2 {...} 0-1

[Event "II Torneo A Natale Vomero"]
[Site "Napoli ITA"]
[Date "2005.11.24"]
[Round "4"]
[White "Radice, Mario"]
[Black "Valenzi, Marco"]
[Result "1-0"]
[WhiteElo "1721"]
[BlackElo "1792"]
[PlyCount "101"]
[EventDate "2005.11.03"]

1. e4 c5 2. Nf3 d6 3. d4 cxd4 4. Nxd4 Nf6 5. Nc3 g6 6. Be3 Bg7 7. Qd2 O-O 8.
Bh6 Nc6 9. Bxg7 Kxg7 10. O-O-O Qb6 11. f3 Qxd4 12. Qxd4 Nxd4 13. Rxd4 Be6 14.
Nd5 Rfe8 15. Nc7 Rac8 16. Nxe8+ Nxe8 17. Kb1 a6 18. h4 h5 19. g3 Nf6 20. Bh3
Bxh3 21. Rxh3 Nd7 22. f4 f6 23. Rd3 Nf8 24. b3 Ne6 25. Kb2 Kf7 26. Rc3 Rb8 27.
Rh2 Nc5 28. Re2 b5 29. e5 f5 30. Ree3 b4 31. Rc4 a5 32. a4 Ne4 33. exd6 exd6
34. Rc7+ Ke6 35. Rg7 Kf6 36. Ra7 Nc3 37. Rxc3 bxc3+ 38. Kxc3 Rc8+ 39. Kd3 Rc5
40. c3 Ke6 41. b4 axb4 42. cxb4 Rc1 43. b5 Rd1+ 44. Kc2 Rg1 45. b6 Rxg3 46. b7
Rg2+ 47. Kc3 Rg3+ 48. Kc4 d5+ 49. Kc5 Rb3 50. Ra6+ Kd7 51. Rb6 1-0

[Event "II Torneo A Natale Vomero"]
[Site "Napoli ITA"]
[Date "2005.11.24"]
[Round "4"]
[White "Ricci, Giuseppe"]
[Black "Stromboli, Carlo"]
[Result "0-1"]
[WhiteElo "1820"]
[BlackElo "2158"]
[PlyCount "56"]
[EventDate "2005.11.03"]

1. e4 c5 2. Nf3 Nc6 3. d4 cxd4 4. Nxd4 d6 5. Nc3 e5 6. Ndb5 a6 7. Na3 b5 8. Nd5
Nf6 9. Bg5 Be7 10. Bxf6 Bxf6 11. c3 Ne7 12. Nc2 Nxd5 13. Qxd5 Ra7 14. f3 Bg5
15. Rd1 Rd7 16. Be2 Qb6 17. Qb3 O-O 18. a4 Rb7 19. axb5 axb5 20. Qd5 Rd8 21.
Na3 Be6 22. Qxb5 Qa7 23. Qa6 Qxa6 24. Bxa6 Rxb2 25. Be2 Ra8 26. Nb5 Raa2 27.
Bf1 Rxg2 28. Bxg2 Bh4+ 0-1

[Event "II Torneo A Natale Vomero"]
[Site "Napoli ITA"]
[Date "2005.12.01"]
[Round "5"]
[White "Di Giovanni, Giuseppe"]
[Black "Sorrentino, Michele"]
[Result "0-1"]
[WhiteElo "1754"]
[BlackElo "1880"]
[PlyCount "88"]
[EventDate "2005.11.03"]

1. e4 e6 2. d4 d5 3. Nd2 c5 4. exd5 Qxd5 5. Bc4 Qxd4 6. Ngf3 Qd6 7. Qe2 Nf6 8.
O-O Nc6 9. Rd1 Qc7 10. Nb3 Bd6 11. Be3 b6 12. Rd2 O-O 13. Rad1 Ne4 14. Rd3 Nb4
15. Rxd6 Nxd6 16. Bf4 Rd8 17. Ng5 Qe7 18. Bd3 h6 19. Ne4 Nxe4 20. Bxe4 Bb7 21.
Re1 Bxe4 22. Qxe4 Nd5 23. Be5 Rac8 24. Nc1 Nf6 25. Qh4 Nd5 26. Qe4 Rd7 27. h4
Rcd8 28. Nd3 f5 29. Qc4 Kh7 30. Bg3 f4 31. Qe4+ g6 32. Bxf4 Qxh4 33. g3 Qh5 34.
Ne5 Nf6 35. Qc6 Ng4 36. Nf3 Qd5 37. Rxe6 Qd1+ 38. Ne1 Qd4 39. Nd3 c4 40. Rxg6
cxd3 41. Rxg4 Rd6 42. Bxd6 Qxg4 43. Qc7+ Rd7 44. Qc6 Qe6 0-1

[Event "II Torneo A Natale Vomero"]
[Site "Napoli ITA"]
[Date "2005.12.01"]
[Round "5"]
[White "Fammiano, Giacomo"]
[Black "Radice, Mario"]
[Result "0-1"]
[WhiteElo "1641"]
[BlackElo "1721"]
[PlyCount "94"]
[EventDate "2005.11.03"]

1. e4 e5 2. Bc4 Nf6 3. d3 Bc5 4. Nc3 O-O 5. Na4 Bb6 6. Nxb6 axb6 7. Bg5 Nc6 8.
a3 d6 9. c3 Be6 10. Ba2 Bxa2 11. Rxa2 d5 12. Qf3 dxe4 13. dxe4 Qd6 14. Bxf6
gxf6 15. Ne2 Na5 16. Ng3 Nb3 17. O-O Qe6 18. Nf5 Kh8 19. Qe3 Rg8 20. Re1 Nd4
21. cxd4 Qxa2 22. dxe5 Qxb2 23. exf6 Rxa3 24. Nh6 Rg6 25. Nxf7+ Kg8 26. Nh6+
Kf8 27. Rd1 Ra1 28. Qe1 Rxd1 29. Qxd1 Qxf6 30. Nf5 Ke8 31. Qa4+ Qc6 32. Qa1
Rxg2+ 33. Kxg2 Qxe4+ 34. f3 Qxf5 35. Qa8+ Kd7 36. Qxb7 h5 37. Qa6 Qg5+ 38. Kf2
h4 39. Qd3+ Kc6 40. Qe4+ Kc5 41. Qe3+ Qxe3+ 42. Kxe3 b5 43. Ke4 b4 44. f4 b3
45. Kd3 Kd5 46. Kc3 Ke4 47. Kxb3 Kxf4 0-1

[Event "II Torneo A Natale Vomero"]
[Site "Napoli ITA"]
[Date "2005.12.01"]
[Round "5"]
[White "Stromboli, Carlo"]
[Black "Benedetto, Massimo"]
[Result "1-0"]
[WhiteElo "2158"]
[BlackElo "1924"]
[PlyCount "83"]
[EventDate "2005.11.03"]

1. e4 c5 2. Nf3 Nc6 3. d4 cxd4 4. Nxd4 Nf6 5. Nc3 d6 6. f3 e5 7. Nb3 Be6 8. Be3
a5 9. Na4 Nd7 10. Be2 Be7 11. O-O O-O 12. c4 b6 13. Nc3 Re8 14. Nd5 Bf8 15. Qd2
a4 16. Nc1 Nc5 17. Rb1 f5 18. b4 axb3 19. axb3 f4 20. Bf2 Kh8 21. b4 Nd7 22.
Nb3 g5 23. Ra1 Bxd5 24. exd5 Ne7 25. Bd3 Nf6 26. Rxa8 Qxa8 27. Bxb6 Qa3 28. Rb1
Nc8 29. Ba5 e4 30. fxe4 Bg7 31. Qe2 Nd7 32. Qc2 Ne5 33. Ra1 Nf3+ 34. gxf3 Bxa1
35. c5 Be5 36. c6 Qa4 37. b5 h5 38. b6 Bd4+ 39. Nxd4 Qxd4+ 40. Kg2 Qc5 41. Qxc5
dxc5 42. b7 1-0

[Event "II Torneo A Natale Vomero"]
[Site "Napoli ITA"]
[Date "2005.12.15"]
[Round "7"]
[White "Ricci, Giuseppe"]
[Black "Radice, Mario"]
[Result "1-0"]
[WhiteElo "1820"]
[BlackElo "1721"]
[PlyCount "74"]
[EventDate "2005.11.03"]

1. e4 c5 2. Nf3 Nc6 3. d4 cxd4 4. Nxd4 e6 5. Nc3 a6 6. Be2 Nf6 7. O-O d6 8. Kh1
Be7 9. f4 O-O 10. f5 Nxd4 11. Qxd4 e5 12. Qd3 b5 13. Qg3 Re8 14. Bh6 Bf8 15. a3
Bb7 16. Bf3 Kh8 17. Bg5 Be7 18. Bxf6 Bxf6 19. Rad1 Rc8 20. Qf2 Qc7 21. g4 Bg5
22. h4 Bf4 23. Qg2 Red8 24. g5 h6 25. Qg4 Qe7 26. gxh6 Bxh6 27. Qh5 f6 28. Rd2
Rd7 29. Rg1 Qe8 30. Rg6 Kh7 31. Rdg2 Qf7 32. Qg4 Qc4 33. Rxh6+ gxh6 34. Qg6+
Kh8 35. Qxf6+ Kh7 36. Qg6+ Kh8 37. Qxh6+ Rh7 1-0

[Event "II Torneo A Natale Vomero"]
[Site "Napoli ITA"]
[Date "2005.12.15"]
[Round "7"]
[White "Stromboli, Carlo"]
[Black "Cosenza, Gianni"]
[Result "1-0"]
[WhiteElo "2158"]
[BlackElo "2041"]
[PlyCount "49"]
[EventDate "2005.11.03"]

1. e4 e6 2. d4 d5 3. Nc3 Nf6 4. Bg5 Be7 5. e5 Nfd7 6. h4 a6 7. Bxe7 Qxe7 8. Qg4
O-O 9. f4 f5 10. Qg3 c5 11. Nf3 Nc6 12. O-O-O cxd4 13. Nxd4 Nxd4 14. Rxd4 Nc5
15. Qe3 Bd7 16. Rxd5 exd5 17. Nxd5 Qd8 18. Qxc5 Rc8 19. Ne7+ Kh8 20. Nxc8 Bxc8
21. Be2 b6 22. Qd6 Qe8 23. Rd1 b5 24. Bf3 Be6 25. Bd5 1-0

[Event "Coppa d'Oro"]
[Site "Villa Guardia ITA"]
[Date "2005.10.07"]
[Round "1"]
[White "Cervini, Gian Piero"]
[Black "Laricini, Alberto"]
[Result "1-0"]
[WhiteElo "2028"]
[BlackElo "1622"]
[PlyCount "123"]
[EventDate "2005.10.07"]

1. e4 Nf6 2. e5 Nd5 3. d4 d6 4. c4 Nb6 5. f4 dxe5 6. fxe5 Bf5 7. Nc3 e6 8. Nf3
Be7 9. Be3 O-O 10. Bd3 Bxd3 11. Qxd3 Nc6 12. a3 f6 13. exf6 Bxf6 14. Ne4 h6 15.
O-O Be7 16. b4 Qe8 17. Rae1 Rd8 18. Qb3 Qg6 19. Nc5 Bxc5 20. bxc5 Na5 21. Ne5
Rxf1+ 22. Rxf1 Qe4 23. Qc3 Nbxc4 24. Bxh6 Qxd4+ 25. Qxd4 Rxd4 26. Nxc4 Nxc4 27.
Rf4 Rxf4 28. Bxf4 c6 29. Bc1 Kf7 30. Kf2 Kf6 31. Ke2 Ke5 32. h4 Kd5 33. Kf3
Kxc5 34. Ke4 Kd6 35. g4 Ke7 36. h5 Nd6+ 37. Ke5 Nf7+ 38. Ke4 Nh6 39. g5 Nf5 40.
h6 gxh6 41. gxh6 Nxh6 42. Bxh6 a6 43. Ke5 Kd7 44. Be3 b5 45. Bc5 a5 46. Bf8 a4
47. Bc5 Kc8 48. Kxe6 Kc7 49. Ke7 Kc8 50. Kd6 Kb7 51. Kd7 b4 52. axb4 a3 53. Bd4
a2 54. Kd6 a1=Q 55. Bxa1 Kb6 56. Bc3 Kb5 57. Bd2 Kb6 58. Be3+ Kb5 59. Bc5 Ka6
60. Kc7 Kb5 61. Kb7 Ka4 62. Kxc6 1-0

[Event "Coppa d'Oro"]
[Site "Villa Guardia ITA"]
[Date "2005.10.07"]
[Round "1"]
[White "Giaracuni, Claudio"]
[Black "Buonocore, Elio"]
[Result "0-1"]
[WhiteElo "1646"]
[BlackElo "2156"]
[PlyCount "64"]
[EventDate "2005.10.07"]

1. e4 c5 2. Nf3 Nc6 3. d4 cxd4 4. Nxd4 Nf6 5. Nc3 e5 6. Nb3 Bb4 7. Bd3 d5 8.
exd5 Nxd5 9. Bd2 O-O 10. O-O Nxc3 11. Bxc3 Bxc3 12. bxc3 Qe7 13. Bb5 Bd7 14.
Qe2 a6 15. Bxc6 Bxc6 16. Qe3 Rfe8 17. Rfd1 Rad8 18. Na5 Ba4 19. Qe2 b6 20. Nb3
a5 21. Rxd8 Qxd8 22. Rd1 Qc7 23. Qd3 Bc6 24. Qd6 Qb7 25. Qd8 h6 26. Qh4 Bxg2
27. Rd8 Rxd8 28. Qxd8+ Kh7 29. Qd3+ Be4 30. Qg3 Qd7 31. f3 Qd1+ 32. Kg2 Qe2+
0-1

[Event "Coppa d'Oro"]
[Site "Villa Guardia ITA"]
[Date "2005.10.07"]
[Round "1"]
[White "Liscio, Giovanni"]
[Black "Boffi, Luigi"]
[Result "1-0"]
[WhiteElo "2000"]
[BlackElo "1563"]
[PlyCount "93"]
[EventDate "2005.10.07"]

1. d4 d5 2. c4 Nf6 3. Nc3 e6 4. e3 Be7 5. Bd3 O-O 6. Nf3 Nbd7 7. O-O c5 8. b3
b6 9. Bb2 Bb7 10. Qe2 Qc7 11. Rac1 dxc4 12. bxc4 Rac8 13. Rfd1 Rfd8 14. h3 Qb8
15. Nd2 h6 16. Bc2 Qa8 17. f3 Qb8 18. Bb3 Nh5 19. Nf1 Ng3 20. Nxg3 Qxg3 21. Ne4
Bxe4 22. fxe4 Bg5 23. Rc3 Be7 24. e5 Qh4 25. Rc2 Qe4 26. Qf2 Bg5 27. Re2 Qb7
28. Bc3 Be7 29. Bc2 Qc7 30. Bb3 Bf8 31. Red2 Nb8 32. d5 exd5 33. cxd5 c4 34. d6
Qd7 35. Bc2 Qc6 36. Rf1 Qe8 37. Qf3 Nd7 38. Qe4 g6 39. Rdf2 Nc5 40. Qd5 Qe6 41.
Qd4 Bg7 42. Rxf7 Rd7 43. R7f6 Qe8 44. Rxg6 Kh8 45. Qd5 Na4 46. Bxa4 Qxg6 47.
Bxd7 1-0